000 00470nam a2200181Ia 4500
005 20250423095119.0
008 250422s9999 xx 000 0 und d
020 _a9789382036999
050 _aQL 461 .A53/
100 _aAnderson, Gorden
245 0 _aEcological entomology
260 _aNew Delhi, India
260 _bBlack prints Inc.
260 _c2016
300 _a233 p
650 _aInsects--Ecology--Periodicals. Entomology--Periodicals.
942 _cBK
999 _c29282
_d29282